1980s Movies A-Z Quiz Stats

 Plays Quiz Updated Jul 3, 2018

Score 0/26 Timer 06:00
6 Plays Today
% Correct
Back to the Future
99.2%
E.T.: The Extra-Terrestrial
98.9%
Ghostbusters
98.2%
The Karate Kid
95.9%
The Little Mermaid
95.2%
Die Hard
94.6%
The Terminator
94.1%
Airplane!
93.4%
A Nightmare on Elm Street 2: Freddy's Revenge
90.1%
Ferris Bueller's Day Off
88.7%
Poltergeist
85.7%
Scarface
85%
Jaws 3-D
78.1%
% Correct
When Harry Met Sally...
78%
Indiana Jones & the Last Crusade
74.5%
Chariots of Fire
74.1%
Raging Bull
74.1%
Moonstruck
63.4%
The Untouchables
62.8%
Yentl
60.5%
Xanadu
45.8%
Ordinary People
39.4%
Hannah and Her Sisters
26.5%
Valley Girl
24.1%
Quest for Fire
19.6%
Zapped!
13.9%

You're not logged in!

Compare scores with friends on all Sporcle quizzes.
OR
Log In

Sporcle TV

Today on Sporcle TV


Watch our educational content, quiz creation guides, and fun videos on Sporcle TV.

Show Comments

Extras

Top Quizzes Today


Score Distribution

Your Account Isn't Verified!

In order to create a playlist on Sporcle, you need to verify the email address you used during registration. Go to your Sporcle Settings to finish the process.

Report this User

Report this user for behavior that violates our Community Guidelines.

Details: